000 02174nam0a2200301 4500
001 RU\NLR\bibl\1662687
005 20260405211456.0
021 _aRU
_b2010-51059
_93369
035 _a(NLR Aleph) 001653969
090 _a939492
_c939492
100 _a20100810d2010 |||y0rusy50 ca
101 0 _arus
_aeng
102 _aRU
105 _ay |||||||||
200 1 _aMoney and Baking
_eучебное пособие по работе с экономическими текстами
_e[для студентов II курса гуманитарного факультета СПбГУЭФ, для лиц, использующих английский язык в своей практической деятельности в области экономики и финансов, а также для преподавателей при подготовке переводчиков в сфере бизнеса]
_fО.А. Барташова, С.Е. Полякова
_gФедер. агентство по образованию, Гос. образоват. учреждение высш. проф. образования "С.-Петерб. гос. ун-т экономики и финансов", Каф. теории яз. и переводоведения
210 _aСанкт-Петербург
_cИзд-во Санкт-Петербургского государственного университета экономики и финансов
_d2010
215 _a88 с.
_d21
606 1 _aАнглийский язык
_xУчебные издания для экономистов
_92396228
_3RU\NLR\auth\661428668
686 _aШ143.21-93рус329.3
700 1 _4070
_7ca
_8rus
_aБарташова
_bО. А.
_f1957-
_gОльга Анатольевна
_977534
_3RU\NLR\auth\7794608
701 1 _4070
_7ca
_8rus
_aПолякова
_bС. Е.
_cканд. филол. наук, логика
_gСветлана Евгеньевна
_940070
_3RU\NLR\AUTH\7757138
801 0 _aRU
_bNLR
_c20100810
_gRCR
801 1 _aRU
_bNLR
_c20100810
830 _a1-й авт. раскрыт по кн.
942 _cBOOK
980 _aNB